| 000 | 00431 a2200169 4500 | ||
|---|---|---|---|
| 020 | _a9780199218608 | ||
| 082 |
_a821.3 _bJEA/O |
||
| 100 | _aJeanne Shami | ||
| 245 |
_aThe oxford handbook of John Donne/ _cby Jeanne Shami |
||
| 260 |
_aNew Delhi: _bOxford University Press, _c2011. |
||
| 300 | _a845p. | ||
| 650 | _aPoet America | ||
| 650 | _aJohn Donne | ||
| 650 | _aLiterature English | ||
| 650 | _aLiterature | ||
| 942 | _cREF | ||
| 999 |
_c62651 _d62651 |
||